| 000 | 00505cam a2200169 a 4500 | ||
|---|---|---|---|
| 001 | 000004989 | ||
| 005 | 20200929151542.0 | ||
| 008 | 911121s1959 ck 001 p spa d | ||
| 040 |
_aDO-SdBNP _bspa _cBNPHU |
||
| 082 |
_aC861.44 _bR741p |
||
| 100 | 1 |
_aRojas Abreu, Enriquillo. _914403 |
|
| 245 | 1 | 0 |
_aParabola del viaje / _cEnriquillo Rojas Abreu. |
| 260 |
_aBogotá : _bLibreria Voluntad, _c1959. |
||
| 300 |
_a79 p. ; _c23 cm. |
||
| 650 | 4 |
_aPoesÃa colombiana _93742 |
|
| 650 | 4 |
_aLiteratura colombiana _91244 |
|
| 999 |
_c4795 _d4795 |
||